Japan : Art and culture

Saved in:
Bibliographic Details
Format: Book
Language:Undetermined
Subjects:
Tags: Add Tag
No Tags, Be the first to tag this record!
Institutions: Trung tâm Học liệu Trường Đại học Cần Thơ
LEADER 00365nam a2200145Ia 4500
001 CTU_104869
008 210402s9999 xx 000 0 und d
082 |a 952.21 
082 |b J35 
245 0 |a Japan : 
245 0 |b Art and culture 
650 |a Nhật Bản 
650 |x Văn minh 
904 |i M.Loan 
980 |a Trung tâm Học liệu Trường Đại học Cần Thơ